000 00540nam a2200217Ia 4500
003 OSt
005 20220928140355.0
006 a|||||r|||| 00| 0
007 ta
008 220927b |||||||| |||| 00| 0 eng d
024 _a8030
037 _cTextual
040 _aSDCL
_cSDCL
_beng
041 _2eng
_aeng
082 _aO,2N:g(S), L5
100 _aRoberts Patrick
_9494928
245 0 _aPsychology of tragic drama.
260 _c1975
942 _hO,2N:g(S), L5
_cTEXL
_2CC
999 _c811028
_d811028